[Event "v4camp2016"]
[Site "?"]
[Date "2016.06.23"]
[Round "5.24"]
[White "Vavrinkova, Anna"]
[Black "Gemsova, Tereza"]
[Result "1/2-1/2"]
[BlackElo "1457"]
[WhiteElo "1333"]
[LiveChessVersion "1.4.8"]

1. e4 {[%clk 1:30:26]} e5 {[%clk 1:30:24]} 2. Nf3 {[%clk 1:30:15]} Nc6
{[%clk 1:30:45]} 3. Bb5 {[%clk 1:30:13]} Bc5 {[%clk 1:31:07]} 4. O-O
{[%clk 1:29:53]} d6 {[%clk 1:31:31]} 5. c3 {[%clk 1:30:04]} a6 {[%clk 1:31:33]}
6. Bxc6+ {[%clk 1:30:04]} bxc6 {[%clk 1:31:54]} 7. d4 {[%clk 1:29:55]} exd4
{[%clk 1:30:40]} 8. cxd4 {[%clk 1:30:20]} Bb6 {[%clk 1:30:42]} 9. Re1
{[%clk 1:30:21]} Ne7 {[%clk 1:28:30]} 10. Nc3 {[%clk 1:29:32]} O-O
{[%clk 1:28:16]} 11. h3 {[%clk 1:29:33]} h6 {[%clk 1:28:39]} 12. Bf4
{[%clk 1:28:43]} Ng6 {[%clk 1:27:22]} 13. Bh2 {[%clk 1:28:47]} Re8
{[%clk 1:27:14]} 14. Qd3 {[%clk 1:28:24]} Qf6 {[%clk 1:26:56]} 15. e5
{[%clk 1:25:40]} Qd8 {[%clk 1:26:54]} 16. exd6 {[%clk 1:23:55]} cxd6
{[%clk 1:26:58]} 17. Rxe8+ {[%clk 1:23:54]} Qxe8 {[%clk 1:27:19]} 18. Bxd6
{[%clk 1:23:56]} Be6 {[%clk 1:26:58]} 19. Re1 {[%clk 1:23:37]} Qd7
{[%clk 1:27:18]} 20. Bh2 {[%clk 1:23:14]} Ba5 {[%clk 1:24:36]} 21. a3
{[%clk 1:23:17]} c5 {[%clk 1:23:49]} 1/2-1/2

[Event "v4camp2016"]
[Site "?"]
[Date "2016.06.23"]
[Round "5.25"]
[White "Brnusak, Andrej"]
[Black "Gorog, Almos"]
[Result "1/2-1/2"]
[BlackElo "1976"]
[WhiteElo "1668"]
[LiveChessVersion "1.4.8"]

1. e4 {[%clk 1:30:57]} c6 {[%clk 1:30:39]} 2. d4 {[%clk 1:31:16]} d5
{[%clk 1:31:05]} 3. e5 {[%clk 1:31:34]} c5 {[%clk 1:31:25]} 4. dxc5
{[%clk 1:30:39]} e6 {[%clk 1:31:38]} 5. Be3 {[%clk 1:28:13]} Qc7 {[%clk 1:31:56]}
6. Nf3 {[%clk 1:27:22]} Bxc5 {[%clk 1:31:51]} 7. Bxc5 {[%clk 1:26:23]} Qxc5
{[%clk 1:32:20]} 8. Nc3 {[%clk 1:25:51]} a6 {[%clk 1:30:40]} 9. Bd3
{[%clk 1:23:44]} Ne7 {[%clk 1:26:16]} 10. O-O {[%clk 1:22:22]} Ng6
{[%clk 1:15:31]} 11. Re1 {[%clk 1:17:46]} Qc7 {[%clk 1:12:55]} 12. Qd2
{[%clk 1:10:18]} Nc6 {[%clk 1:06:58]} 13. Qe3 {[%clk 1:05:07]} Bd7
{[%clk 0:56:08]} 14. Qg5 {[%clk 0:58:39]} Qd8 {[%clk 0:45:21]} 15. Qxd8+
{[%clk 0:52:36]} Rxd8 {[%clk 0:45:25]} 16. a3 {[%clk 0:49:22]} O-O
{[%clk 0:45:13]} 17. Bxg6 {[%clk 0:41:24]} hxg6 {[%clk 0:45:36]} 18. Ne2
{[%clk 0:41:07]} f6 {[%clk 0:37:26]} 19. Ned4 {[%clk 0:38:18]} Rfe8
{[%clk 0:37:20]} 20. Re3 {[%clk 0:35:14]} g5 {[%clk 0:28:08]} 21. h3
{[%clk 0:31:37]} Kf7 {[%clk 0:26:48]} 22. Rae1 {[%clk 0:30:08]} Na5
{[%clk 0:25:01]} 23. b3 {[%clk 0:27:07]} b6 {[%clk 0:24:05]} 24. Nh2
{[%clk 0:23:14]} Nb7 {[%clk 0:20:18]} 25. Ng4 {[%clk 0:21:05]} f5
{[%clk 0:18:23]} 26. Nh2 {[%clk 0:20:41]} Nc5 {[%clk 0:17:53]} 27. f3
{[%clk 0:19:20]} Rh8 {[%clk 0:17:01]} 28. b4 {[%clk 0:17:56]} Na4
{[%clk 0:17:11]} 29. Nf1 {[%clk 0:16:38]} Rh4 {[%clk 0:17:17]} 30. Nxf5
{[%clk 0:13:18]} exf5 {[%clk 0:17:42]} 31. e6+ {[%clk 0:13:40]} Bxe6
{[%clk 0:17:46]} 32. Rxe6 {[%clk 0:13:59]} Rc4 {[%clk 0:15:57]} 33. R6e5
{[%clk 0:11:46]} g6 {[%clk 0:08:50]} 34. Re7+ {[%clk 0:11:36]} Kg8
{[%clk 0:09:14]} 35. R1e6 {[%clk 0:11:22]} Rxc2 {[%clk 0:08:05]} 36. Rxg6+
{[%clk 0:11:43]} Kf8 {[%clk 0:08:14]} 1/2-1/2

[Event "v4camp2016"]
[Site "?"]
[Date "2016.06.23"]
[Round "5.26"]
[White "Zlotov, Viktor"]
[Black "Pogadl, Martin"]
[Result "1-0"]
[BlackElo "1464"]
[WhiteElo "1533"]
[LiveChessVersion "1.4.8"]

1. e4 {[%clk 1:30:57]} c5 {[%clk 1:30:54]} 2. Nf3 {[%clk 1:31:22]} Nc6
{[%clk 1:31:18]} 3. d4 {[%clk 1:31:30]} cxd4 {[%clk 1:31:42]} 4. Nxd4
{[%clk 1:31:52]} Nf6 {[%clk 1:31:59]} 5. Nc3 {[%clk 1:31:35]} e5 {[%clk 1:32:18]}
6. Ndb5 {[%clk 1:30:26]} d6 {[%clk 1:32:10]} 7. Bd3 {[%clk 1:28:22]} a6
{[%clk 1:32:16]} 8. Na3 {[%clk 1:28:10]} b5 {[%clk 1:32:13]} 9. Ne2
{[%clk 1:24:17]} Be7 {[%clk 1:31:09]} 10. c4 {[%clk 1:21:49]} bxc4
{[%clk 1:27:00]} 11. Bxc4 {[%clk 1:20:04]} O-O {[%clk 1:24:19]} 12. O-O
{[%clk 1:18:09]} Bb7 {[%clk 1:20:58]} 13. Nc3 {[%clk 1:15:25]} Na5
{[%clk 1:17:22]} 14. Bd3 {[%clk 1:10:58]} Nc6 {[%clk 1:16:13]} 15. f4
{[%clk 1:07:00]} Qc7 {[%clk 1:08:50]} 16. Be3 {[%clk 1:02:33]} Rfd8
{[%clk 1:06:37]} 17. Rc1 {[%clk 1:00:52]} Rac8 {[%clk 1:01:03]} 18. Nd5
{[%clk 0:58:17]} Qb8 {[%clk 0:59:39]} 19. Rxc6 {[%clk 0:56:16]} Nxd5
{[%clk 0:58:43]} 20. Rxc8 {[%clk 0:56:19]} Rxc8 {[%clk 0:57:49]} 21. exd5
{[%clk 0:56:38]} Qa8 {[%clk 0:55:40]} 22. Nc4 {[%clk 0:52:42]} Qb8
{[%clk 0:54:27]} 23. fxe5 {[%clk 0:51:02]} dxe5 {[%clk 0:54:26]} 24. d6
{[%clk 0:49:55]} Bd8 {[%clk 0:53:31]} 25. Nxe5 {[%clk 0:48:11]} 1-0

[Event "v4camp2016"]
[Site "?"]
[Date "2016.06.23"]
[Round "5.27"]
[White "Taragelova, Martina"]
[Black "Grimm, Balazs"]
[Result "0-1"]
[BlackElo "1566"]
[WhiteElo "1656"]
[LiveChessVersion "1.4.8"]

1. e4 {[%clk 1:30:57]} c5 {[%clk 1:30:56]} 2. Nf3 {[%clk 1:31:21]} Nc6
{[%clk 1:31:20]} 3. d4 {[%clk 1:31:42]} cxd4 {[%clk 1:31:43]} 4. Nxd4
{[%clk 1:32:05]} g6 {[%clk 1:32:09]} 5. Nc3 {[%clk 1:31:57]} Bg7 {[%clk 1:32:33]}
6. Be3 {[%clk 1:31:44]} Nf6 {[%clk 1:32:55]} 7. Be2 {[%clk 1:30:51]} O-O
{[%clk 1:33:01]} 8. O-O {[%clk 1:30:55]} d6 {[%clk 1:32:58]} 9. f4
{[%clk 1:22:26]} Qb6 {[%clk 1:26:51]} 10. Na4 {[%clk 1:15:54]} Qa5
{[%clk 1:25:15]} 11. Nxc6 {[%clk 1:13:11]} bxc6 {[%clk 1:25:39]} 12. Nc3
{[%clk 1:12:45]} Qb4 {[%clk 1:25:36]} 13. Bd4 {[%clk 1:06:02]} c5
{[%clk 1:25:14]} 14. Bxf6 {[%clk 1:04:02]} Bxf6 {[%clk 1:25:29]} 15. Nd5
{[%clk 1:03:32]} Qxb2 {[%clk 1:23:47]} 16. Nxf6+ {[%clk 1:02:20]} Qxf6
{[%clk 1:24:05]} 17. Bd3 {[%clk 0:58:34]} Bb7 {[%clk 1:21:48]} 18. f5
{[%clk 0:57:38]} Qd4+ {[%clk 1:21:41]} 19. Kh1 {[%clk 0:57:10]} Bxe4
{[%clk 1:22:00]} 20. fxg6 {[%clk 0:56:23]} fxg6 {[%clk 1:22:10]} 21. Bxe4
{[%clk 0:55:08]} Rxf1+ {[%clk 1:21:40]} 22. Qxf1 {[%clk 0:55:30]} Qxe4
{[%clk 1:22:05]} 23. Qf2 {[%clk 0:53:59]} Rf8 {[%clk 1:21:44]} 24. Qg3
{[%clk 0:53:33]} Qf4 {[%clk 1:21:58]} 25. Qb3+ {[%clk 0:53:11]} c4
{[%clk 1:22:07]} 26. Qb1 {[%clk 0:53:06]} Qe4 {[%clk 1:21:39]} 27. Qg1
{[%clk 0:45:37]} Qxc2 {[%clk 1:20:24]} 28. Qxa7 {[%clk 0:44:51]} Qe4
{[%clk 1:19:52]} 29. a4 {[%clk 0:40:52]} Qe2 {[%clk 1:19:19]} 30. Qg1
{[%clk 0:40:09]} c3 {[%clk 1:18:23]} 31. a5 {[%clk 0:39:27]} Qa6 {[%clk 1:16:54]}
32. Qd1 {[%clk 0:37:28]} Rf5 {[%clk 1:17:03]} 33. h3 {[%clk 0:37:17]} Rxa5
{[%clk 1:17:10]} 34. Qb3+ {[%clk 0:37:04]} Kf8 {[%clk 1:16:37]} 35. Rc1
{[%clk 0:34:48]} Rc5 {[%clk 1:16:09]} 36. Kh2 {[%clk 0:34:01]} Qc4
{[%clk 1:15:48]} 37. Qc2 {[%clk 0:33:20]} Qf4+ {[%clk 1:15:56]} 38. Kh1
{[%clk 0:32:20]} Qd2 {[%clk 1:15:05]} 39. Rf1+ {[%clk 0:31:41]} Kg7
{[%clk 1:13:30]} 40. Qe4 {[%clk 0:29:13]} Re5 {[%clk 1:13:34]} 41. Qc4
{[%clk 0:28:46]} d5 {[%clk 1:12:53]} 42. Qc7 {[%clk 0:26:48]} Qe2
{[%clk 1:12:09]} 43. Rc1 {[%clk 0:26:47]} d4 {[%clk 1:12:06]} 44. Qc8
{[%clk 0:24:09]} Qf2 {[%clk 1:11:12]} 45. Qd7 {[%clk 0:20:28]} c2
{[%clk 1:10:03]} 0-1

[Event "v4camp2016"]
[Site "?"]
[Date "2016.06.23"]
[Round "5.28"]
[White "Meszaros, Marta Mira"]
[Black "Datelova, Daniela"]
[Result "1-0"]
[BlackElo "1331"]
[WhiteElo "1190"]
[LiveChessVersion "1.4.8"]

1. e4 {[%clk 1:30:56]} d5 {[%clk 1:30:52]} 2. d3 {[%clk 1:31:09]} dxe4
{[%clk 1:31:10]} 3. dxe4 {[%clk 1:31:29]} Qxd1+ {[%clk 1:31:28]} 4. Kxd1
{[%clk 1:31:53]} e5 {[%clk 1:31:17]} 5. Nc3 {[%clk 1:32:07]} Nf6 {[%clk 1:31:19]}
6. Nf3 {[%clk 1:32:25]} Nc6 {[%clk 1:31:26]} 7. Nb5 {[%clk 1:32:23]} Bd6
{[%clk 1:31:08]} 8. Nxd6+ {[%clk 1:30:06]} cxd6 {[%clk 1:31:13]} 9. Bd3
{[%clk 1:30:19]} O-O {[%clk 1:31:02]} 10. Bg5 {[%clk 1:29:47]} Nd7
{[%clk 1:29:14]} 11. Ke2 {[%clk 1:29:51]} Nc5 {[%clk 1:29:11]} 12. Rhd1
{[%clk 1:29:12]} Re8 {[%clk 1:28:51]} 13. Kf1 {[%clk 1:28:07]} Bg4
{[%clk 1:28:36]} 14. Be2 {[%clk 1:26:24]} Nd4 {[%clk 1:27:58]} 15. Nxd4
{[%clk 1:24:22]} Bxe2+ {[%clk 1:25:05]} 16. Nxe2 {[%clk 1:24:39]} Nxe4
{[%clk 1:25:32]} 17. Be3 {[%clk 1:24:14]} Red8 {[%clk 1:25:20]} 18. f3
{[%clk 1:22:55]} Nc5 {[%clk 1:22:53]} 19. Bxc5 {[%clk 1:23:02]} dxc5
{[%clk 1:23:17]} 20. Nc3 {[%clk 1:22:02]} f6 {[%clk 1:22:32]} 21. Rd5
{[%clk 1:19:26]} Rxd5 {[%clk 1:22:12]} 22. Nxd5 {[%clk 1:19:44]} Rd8
{[%clk 1:22:23]} 23. Rd1 {[%clk 1:19:57]} Kf7 {[%clk 1:22:15]} 24. Ke2
{[%clk 1:19:55]} b6 {[%clk 1:21:46]} 25. Rd3 {[%clk 1:14:43]} Rd7
{[%clk 1:20:53]} 26. Nc3 {[%clk 1:14:31]} Rb7 {[%clk 1:19:52]} 27. Nb5
{[%clk 1:13:26]} Ke7 {[%clk 1:19:06]} 28. Ke3 {[%clk 1:11:03]} a6
{[%clk 1:18:48]} 29. Nc3 {[%clk 1:10:01]} Kf7 {[%clk 1:06:54]} 30. Ne4
{[%clk 1:01:48]} Ke7 {[%clk 1:04:55]} 31. Nd6 {[%clk 1:00:48]} Rc7
{[%clk 1:02:45]} 32. Nc4 {[%clk 0:59:29]} Rc6 {[%clk 1:01:14]} 33. f4
{[%clk 0:54:16]} Re6 {[%clk 0:59:22]} 34. fxe5 {[%clk 0:52:21]} fxe5
{[%clk 0:59:36]} 35. Ke4 {[%clk 0:47:41]} Kf6 {[%clk 0:57:37]} 36. Rd7
{[%clk 0:47:14]} b5 {[%clk 0:53:51]} 37. Ne3 {[%clk 0:46:34]} Kg6
{[%clk 0:51:22]} 38. Nf5 {[%clk 0:43:39]} Kf6 {[%clk 0:47:07]} 39. Rxg7
{[%clk 0:42:59]} h6 {[%clk 0:46:23]} 40. h4 {[%clk 0:41:40]} c4 {[%clk 0:45:18]}
41. Rh7 {[%clk 0:41:53]} a5 {[%clk 0:44:56]} 42. Rxh6+ {[%clk 0:42:16]} Kf7
{[%clk 0:45:16]} 43. Rxe6 {[%clk 0:42:08]} Kxe6 {[%clk 0:45:16]} 44. h5
{[%clk 0:42:22]} Kf6 {[%clk 0:45:04]} 45. h6 {[%clk 0:42:39]} Kg6
{[%clk 0:45:27]} 46. Kxe5 {[%clk 0:42:58]} b4 {[%clk 0:45:46]} 47. g4
{[%clk 0:42:20]} a4 {[%clk 0:46:01]} 48. g5 {[%clk 0:42:22]} b3 {[%clk 0:46:05]}
49. cxb3 {[%clk 0:42:11]} axb3 {[%clk 0:46:15]} 50. axb3 {[%clk 0:42:30]} cxb3
{[%clk 0:46:35]} 51. Ne7+ {[%clk 0:42:31]} Kh7 {[%clk 0:46:37]} 52. g6+
{[%clk 0:41:51]} Kh8 {[%clk 0:46:06]} 53. g7+ 1-0